000 00498 a2200193 4500
005 20260202164141.0
008 260202b |||||||| |||| 00| 0 eng d
020 _a9788172337063
_cRs. 1995.00
040 _aMAIN
082 _a576
_bV837L
100 _aVivek Kumar
245 _aLaboratory manual of microbiology
260 _bScientific Publishers
_c2024
_aJodhpur
300 _axi, 214
650 _aMicrobiology
650 _aMicroscope
650 _aMicrobial Physiology
942 _cBK
999 _c395193
_d395193